Statistics for Presdidents of Indonesia 1945-2016

Click here to take the quiz!

General Stats

  • This quiz has been taken 225 times
  • The average score is 7 of 7

Answer Stats

HintAnswer% Correct
1967-1998Suharto
99%
1945-1967Sukarno
99%
2014-Joko Widodo
98%
2001-2004Megawati Sukarnoputri
95%
1998-1999Bacharuddin Jusuf Habibie
92%
2004-2014Susilo Bambang Yudhoyono
92%
1999-2001Abdurrahman Wahid
88%

Score Distribution

Percentile by Number Answered

Percent of People with Each Score

Your Score History

You have not taken this quiz